La leyenda de la ballena (Registro nro. 3248)

Detalles MARC
000 -CABECERA
Longitud fija campo de control 00838nam a2200241Ia 4500
005 - • FECHA Y HORA DE LA ÚLTIMA TRANSACCIÓN
Fecha y hora de la última transacción 20220317000143.0
008 - • CÓDIGOS DE INFORMACIÓN DE LONGITUD FIJA
Códigos de información de longitud fija 141031s9999 xx 000 0 und d
020 ## - • NÚMERO INTERNACIONAL NORMALIZADO PARA LIBROS
Número Internacional Normalizado para Libros (ISBN) 9789500723212
082 ## - • NÚMERO DE LA CLASIFICACIÓN DECIMAL DEWEY
Número de clasificación (R) 599.5
Número del ítem W64l
040 ## - FUENTE DE LA CATALOGACIÓN
Centro catalogador de origen CO-BoRNBP
Lengua de catalogación spa
Normas de descripción rda
Centro transcriptor CO-BoRNBP
100 10 - • PUNTO DE ACCESO PRINCIPAL-NOMBRE DE PERSONA
Nombre de persona Wolf, Ema
Fechas asociadas al nombre 1948-
245 13 - • TITULO PROPIAMENTE DICHO
Título La leyenda de la ballena
Mención de responsabilidad, etc. Ema Wolf y Marta Prada ; ilustrado por Oscar Rojas ; trabajos en plastilina Luciana Fernández
250 ## - • MENCIÓN DE EDICIÓN
Mención de edición 1a ed., 10a reimpr.
264 ## - PRODUCCIÓN, PUBLICACIÓN , DISTRIBUCIÓN, FABRICACIÓN Y COPYRIGHT
Lugar de producción, publicación, distribución, fabricación Buenos Aires
Nombre del productor, editor, distribuidor, fabricante Sudamericana
Fecha de de producción, publicación, distribución, fabricación o copyright 2013
300 ## - • DESCRIPCIÓN FÍSICA
Extensión 32 páginas
Otras características físicas ilustraciones
Dimensiones 25 cm.
336 ## - TIPO DE CONTENIDO
Término de tipo de contenido texto
Código de tipo de contenido txt
Fuente rdacontent
337 ## - TIPO DE MEDIO
Nombre del tipo de medio sin mediación
Código del tipo de medio n
Fuente rdamedia
338 ## - TIPO DE SOPORTE
Nombre del tipo de soporte volumen
Código del tipo de soporte nc
Fuente rdacarrier
650 ## - • PUNTO DE ACCESO ADICIONAL DE MATERIA - TÉRMINO DE MATERIA
Término de materia o nombre geográfico como elemento inicial Leyendas argentinas
Fuente del encabezamiento o término LEMB
650 14 - • PUNTO DE ACCESO ADICIONAL DE MATERIA - TÉRMINO DE MATERIA
Término de materia o nombre geográfico como elemento inicial Ballenas
Fuente del encabezamiento o término LEMB
Subdivisión de materia general Hábitos y conducta
650 14 - • PUNTO DE ACCESO ADICIONAL DE MATERIA - TÉRMINO DE MATERIA
Término de materia o nombre geográfico como elemento inicial Autores argentinos
Fuente del encabezamiento o término LEMB
942 ## - ENTRADA DE ELEMENTOS AGREGADOS (KOHA)
Fuente de clasificaión o esquema Dewey Decimal Classification
Koha [por defecto] tipo de item LIbro

No hay ítems disponibles.










Instituto Departamental de Cultura del Meta - Red Departamental de Bibliotecas Públicas del Meta.